| 000 | 00986nac a22003017a 4500 | ||
|---|---|---|---|
| 001 | BR0705629 | ||
| 003 | BR-BrBNA | ||
| 005 | 20240105123513.0 | ||
| 008 | 230509b bl.|||m| |||| 00| 0 por d | ||
| 040 |
_aBR-BrBNA _bpor _cBiblioteca Nacional de Agricultura |
||
| 072 | _aH60 | ||
| 090 | _a0120 BR0705629 | ||
| 100 | 1 | _aKaram, D. | |
| 100 | 1 | _aPereira Filho, I.A. | |
| 110 | 1 |
_aCentro Nacional de Pesquisa Milho e Sorgo, Sete Lagoas, MG (Brasil) _91849 |
|
| 245 | 1 | _aAlternativas de controle químico de plantas daninhas na cultura do milho | |
| 260 | 3 |
_aSete Lagoas, MG (Brasil): _c2000. |
|
| 300 | _a4 p. | ||
| 490 |
_aComunicado Técnico - Centro Nacional de Pesquisa Milho e Sorgo (Brazil) _vno. 22 _xISSN 0101-5605 |
||
| 650 | _aMILHO | ||
| 650 | _aERVA DANINHA | ||
| 650 | _aCARACTERISTICAS AGRONÔMICAS | ||
| 650 | _aCONTROLE QUÍMICO | ||
| 650 | _aHERBICIDA | ||
| 650 | _aATRAZINA | ||
| 909 |
_a202312 _bLúcia Elande _c55 _dLúcia Elande |
||
| 942 |
_2AGRIS _n0 _cMS |
||
| 999 |
_c295758 _d295758 |
||